MARC details
| 000 -CABECERA |
| campo de control de longitud fija |
01129nam a22002897a 4500 |
| 005 - FECHA Y HORA DE LA ÚLTIMA TRANSACCIÓN |
| campo de control |
20250105163150.0 |
| 007 - CAMPO FIJO DE DESCRIPCIÓN FÍSICA--INFORMACIÓN GENERAL |
| campo de control de longitud fija |
cr |||aaa||||| |
| 008 - ELEMENTOS DE LONGITUD FIJA--INFORMACIÓN GENERAL |
| campo de control de longitud fija |
250105s1999 mx|a|||go|||| 00| 0 spa d |
| 020 ## - NÚMERO INTERNACIONAL NORMALIZADO PARA LIBROS |
| Número Internacional Estándar del Libro |
9789686029543 |
| 020 ## - NÚMERO INTERNACIONAL NORMALIZADO PARA LIBROS |
| Número Internacional Estándar del Libro |
9782821846210 |
| 040 ## - FUENTE DE LA CATALOGACIÓN |
| Centro catalogador/agencia de origen |
MX-MxUPN |
| Lengua de catalogación |
spa |
| Centro/agencia transcriptor |
MX-MxUPN |
| Normas de descripción |
aacr2 |
| 041 ## - CÓDIGO DE IDIOMA |
| Código de lengua del texto/banda sonora o título independiente |
spa |
| 050 14 - SIGNATURA TOPOGRÁFICA DE LA BIBLIOTECA DEL CONGRESO |
| Número de clasificación |
F1219.1 M55 |
| 100 1# - ASIENTO PRINCIPAL--NOMBRE PERSONAL |
| Nombre de persona |
Darras, Véronique |
| 9 (RLIN) |
55108 |
| 245 10 - MENCIÓN DE TÍTULO |
| Título |
Tecnologías prehispánicas de la obsidiana : |
| Resto del título |
los centros de producción de la región de Zináparo-Prieto, Michoacán, México |
| Medio |
[recurso electrónico en línea] |
| 260 ## - PUBLICACIÓN, DISTRIBUCIÓN, ETC. |
| Lugar de publicación, distribución, etc. |
México : |
| Nombre del editor, distribuidor, etc. |
Centro de Estudios Mexicanos y Centroamericanos, |
| Fecha de publicación, distribución, etc. |
1999. |
| 300 ## - DESCRIPCIÓN FÍSICA |
| Extensión |
1 recurso en línea (201 páginas) : |
| Otras características físicas |
ilustraciones |
| 490 0# - MENCIÓN DE SERIE |
| Mención de serie |
Cuadernos de estudios michoacanos ; |
| Designación de volumen o secuencia |
9 |
| 504 ## - NOTA DE BIBLIOGRAFÍA, ETC. |
| Nota de bibliografía, etc. |
Incluye referencias bibliográficas |
| 506 0# - NOTA DE RESTRICCIONES AL ACCESO |
| Limitaciones de acceso |
Acceso abierto<br/> |
| 650 #4 - ASIENTO SECUNDARIO DE MATERIA - TERMINO TEMATICO |
| Término de materia o nombre geográfico como elemento de entrada |
Indígenas de México |
| Subdivisión geográfica |
Michoacan |
| Subdivisión general |
Antigüedades |
| 9 (RLIN) |
55107 |
| 650 #0 - ASIENTO SECUNDARIO DE MATERIA - TERMINO TEMATICO |
| Término de materia o nombre geográfico como elemento de entrada |
Obsidiana |
| Subdivisión geográfica |
México |
| -- |
Michoacán |
| 9 (RLIN) |
55109 |
| 651 #4 - ASIENTO SECUNDARIO DE MATERIA - NOMBRE GEOGRAFICO |
| Nombre geográfico |
Michoacán |
| Subdivisión general |
Antigüedades |
| 9 (RLIN) |
55105 |
| 856 40 - LOCALIZACIÓN Y ACCESO ELECTRÓNICOS |
| Identificador Uniforme del Recurso |
<a href="https://doi.org/10.4000/books.cemca.2401">https://doi.org/10.4000/books.cemca.2401</a> |
| 902 ## - ELEMENTOS DE DATOS B LOCAL, LDB (RLIN) |
| Modificó |
MaríaRobles/050125 |
| 942 ## - ELEMENTOS DE PUNTO DE ACCESO ADICIONAL (KOHA) |
| Fuente del sistema de clasificación o colocación |
Library of Congress Classification |
| Tipo de ítem Koha |
Libro Electrónico |